01876cam a2200325 i 450000100090000000300090000900500170001800800410003502000180007604000380009408200210013210000340015324500810018725000190026826400520028730000300033933600260036933700280039533800270042350400510045052007060050165000330120765000310124065300250127165500240129690600450132094200120136599900170137795201560139421210933EG-ScBUE20220221121845.0190919s2019 enk f b 001 0 eng d a9781108711951 aDLCbengerdacDLCdDLCdEG-ScBUE04a658.301222bAZM1 aAzmi, Feza Tabassum,eauthor.10aStrategic human resource management :btext and cases /cFeza Tabassum Azmi. aFirst Edition. 1aCambridge :bCambridge University Press,c2019. axviii, 319 pages ;c25 cm atextbtxt2rdacontent aunmediatedbn2rdamedia avolumebnc2rdacarrier aIncludes bibliographical references and index. a"This book provides a comprehensive and up-to-date study in strategic human resource management (SHRM). It aims to provide students and practising managers with an in-depth view of essential concepts and techniques in the area in a highly readable and understandable form. It focuses particularly on practical applications, examples and cases that students and HR managers can utilize in gaining insights into the subject. The book serves two important purposes: providing an academically rigorous study and offering an insightful and user-friendly pedagogy. It includes: opening stories new terms and concepts questions for discussion HR anecdotes caselets and 'news grabs'"--cProvided by publisher. 7aPersonnel management.2BUEsh 7aStrategic planning.2BUEsh bBUSADMcFebruary2022 vReading book934232 a7bcbccorignewd1eecipf20gy-gencatlg 2ddccBB c29801d29772 00102ddc40708AcademicaMAINbMAINc1STd2022-02-21ePurchaseg625.00h35567l0o658.301 AZMp000056162r2025-07-15 00:00:00v781.25w2022-02-21yBB